01315naa#a2200169#i#4500001002000000005001700020011001400037100004100051102000700092200035000099210007800449215001100527608004500538675049400583700005201077856001601129RU\RIOR\bibl\12486020260629132946.1##a2409-6024##a20260530b2026####ek#y0rusy0150####ca##aRU1#aДемографические и миграционные негативные тенденции пространственного развития Российской Федерации в контексте обеспечения экономической безопасности государстваeЖурнальная статья1#aМоскваcООО "Издательский Центр РИОР"d2026##a21 с.##aЖурнальная статья2local##aЭкономика. Народное хозяйство. Экономические науки. 33aРегиональная (территориальная) экономика. Земельный (аграрный) вопрос. Жилищное хозяйство. 332aЭкономическое положение. Экономическая политика. Управление и планирование в экономике. Производство. Услуги. Цены. 338#1aОганянgВалерий Арменович4#ariorpub.com